Problemas de 'Lege Ferenda' de la Ley de Vagos y Maleantes / Antonio Sabater
Descripción Física:
80 p. ; 24 cm
Materias:
Vagància -- Dret i legislació
MARC
| LEADER | 00000nam a2200000Ia 4500 | ||
|---|---|---|---|
| 001 | 8940 | ||
| 008 | 160829s9999 xx 000 0 cat d | ||
| 080 | |a D-1-39 | ||
| 100 | |a Sabater Tomás, Antonio |9 28256 | ||
| 245 | |a Problemas de 'Lege Ferenda' de la Ley de Vagos y Maleantes / Antonio Sabater | ||
| 260 | |a Barcelona : |b Diputación Provincial de Barcelona, Instituto de Ciencias Sociales, DL 1963 | ||
| 300 | |a 80 p. ; |c 24 cm | ||
| 650 | |a Vagància |x Dret i legislació |9 28257 | ||
| 710 | 2 | |a Instituto de Ciencias Sociales (Barcelona, Catalunya) |9 54508 | |
| 901 | |a Arxiu | ||
| 942 | |n 1 | ||
| 952 | |0 0 |1 0 |4 0 |6 D139 |7 1 |9 44743 |a Arxiu |b Arxiu |d 2016-12-01 |l 0 |o D-1-39 |p 8940 |r 2016-12-01 00:00:00 |w 2016-12-01 |y ARXIU | ||
| 999 | |c 47325 |d 47325 | ||